000
00482nam a2200169Ia 4500
008
100122s9999 xx 000 0 und d
082
_b
77246
_a
823
100
_a
गार्डनर अर्ल स्टन्ले
245
_a
मखमली रहस्य
250
_a
1
260
_c
2009
300
_a
208
630
_a
मखमली रहस्य
700
_a
आफळे ज्योती
730
_a
मखमली रहस्य
942
_c
BOOK
999
_c
394248
_d
394245